Скрытые миры Данте (Запись № 12878651)

Подробности
000 -МАРКЕР
контрольное поле 01938nam0a2200397 4500
001 - ИДЕНТИФИКАТОР ЗАПИСИ
контрольное поле RU\NLR\BIBL_A\012701107
005 - ИДЕНТИФИКАТОР ВЕРСИИ
контрольное поле 20220411123613.0
010 ## - МЕЖДУНАРОДНЫЙ СТАНДАРТНЫЙ НОМЕР КНИГИ (ISBN)
Номер (ISBN) 978-5-04-155215-2
Тираж 1000
021 ## - НОМЕР ГОСУДАРСТВЕННОЙ РЕГИСТРАЦИИ
Код страны Российская Федерация
Номер КН-П-21-072656
Номер Листа государственной регистраци КН-П-21-5764
035 ## - ДРУГИЕ СИСТЕМНЫЕ НОМЕРА
Идентификатор записи (NLR Aleph) 012701107
035 ## - ДРУГИЕ СИСТЕМНЫЕ НОМЕРА
Идентификатор записи (RuMoRGB)010845431
100 ## - ДАННЫЕ ОБЩЕЙ ОБРАБОТКИ
Данные общей обработки 20220203d2021 u y0rusy50 ca
101 1# - ЯЗЫК РЕСУРСА
Язык текста, звукозаписи и т.д. русский
Язык оригинала итальянский
102 ## - СТРАНА ПУБЛИКАЦИИ ИЛИ ПРОИЗВОДСТВА
Страна публикации Российская Федерация
105 ## - ПОЛЕ КОДИРОВАННЫХ ДАННЫХ: ТЕКСТОВЫЕ МАТЕРИАЛЫ, МОНОГРАФИЧЕСКИЕ
Кодированные данные о монографическом текстовом документе a z 000zy
181 #0 - ПОЛЕ КОДИРОВАННЫХ ДАННЫХ: ВИД СОДЕРЖАНИЯ
Код вида содержания (ISBD) i2
Код характеристики содержания (ISBD) ab2e
181 #0 - ПОЛЕ КОДИРОВАННЫХ ДАННЫХ: ВИД СОДЕРЖАНИЯ
Код вида содержания (ISBD) b2
Код характеристики содержания (ISBD) ab2e
182 #0 - ПОЛЕ КОДИРОВАННЫХ ДАННЫХ: ТИП СРЕДСТВА
Код типа средства (ISBD) n - непосредственное
200 1# - ЗАГЛАВИЕ И СВЕДЕНИЯ ОБ ОТВЕТСТВЕННОСТИ
Основное заглавие Скрытые миры Данте
Сведения, относящиеся к заглавию философские заметки на полях "Божественной комедии" Данте Алигьери
Первые сведения об ответственности Франческо Форте
Последующие сведения об ответственности перевод с итальянского Геннадия Киселёва
-- перевод терцин из "Божественной комедии" Михаила Лозинского
-- иллюстрации Артёма Плетнёва
203 ## - ВИД СОДЕРЖАНИЯ И ТИП СРЕДСТВА
Вид содержания Текст
-- Изображение
Дополнительные сведения об издании визуальные
Тип средства непосредственные
210 ## - ПУБЛИКАЦИЯ, РАСПРОСТРАНЕНИЕ И ДР.
Место издания, распространения и т.д. Москва
Имя издателя, распространителя и т. д. Эксмо
Дата издания, распространения и т.д. 2021
215 ## - ФИЗИЧЕСКАЯ ХАРАКТЕРИСТИКА
Специфическое обозначение материала и объем 390, [1] с.
Другие сведения о физической характеристике цв. ил., портр.
Размеры 27
333 ## - ПРИМЕЧАНИЯ ОБ ОСОБЕННОСТЯХ РАСПРОСТРАНЕНИЯ И ИСПОЛЬЗОВАНИЯ
Текст примечания 16+
500 10 - УНИФИЦИРОВАННОЕ ЗАГЛАВИЕ
Связь между полями z20702
Унифицированное заглавие Божественная комедия
Идентификатор авторитетной / нормативной записи RU\NLR\AUTH\5510305
604 ## - ИМЯ И ЗАГЛАВИЕ КАК ПРЕДМЕТ
Связываемые данные 700#1$aДанте Алигьери$f1265 - 1321
-- 500##$a"Божественная комедия"$2nlr_sh2$3RU\NLR\AUTH\661404417
686 1# - ИНДЕКСЫ ДРУГИХ КЛАССИФИКАЦИЙ
Индекс Ш5(4Ит)42-4Данте535
700 #1 - ИМЯ ЛИЦА - ПЕРВИЧНАЯ ОТВЕТСТВЕННОСТЬ
Начальный элемент ввода Форте
Часть имени, кроме начального элемента ввода Ф.
Даты 1971-
Расширение инициалов личного имени Франческо
702 #1 - ИМЯ ЛИЦА - ВТОРИЧНАЯ ОТВЕТСТВЕННОСТЬ
Связь между полями z20500
Начальный элемент ввода Данте Алигьери
Даты 1265-1321
Идентификатор авторитетной/нормативной записи RU\NLR\AUTH\7712289
702 #1 - ИМЯ ЛИЦА - ВТОРИЧНАЯ ОТВЕТСТВЕННОСТЬ
Начальный элемент ввода Плетнёв
Часть имени, кроме начального элемента ввода А.
Расширение инициалов личного имени Артём
Код отношения Карикатурист, Художник
702 #1 - ИМЯ ЛИЦА - ВТОРИЧНАЯ ОТВЕТСТВЕННОСТЬ
Начальный элемент ввода Лозинский
Часть имени, кроме начального элемента ввода М. Л.
Даты 1886-1955
Расширение инициалов личного имени Михаил Леонидович
Идентификатор авторитетной/нормативной записи RU\NLR\AUTH\7766138
Код отношения Переводчик
942 ## - ДОПОЛНИТЕЛЬНЫЕ ЭЛЕМЕНТЫ ЗАПИСИ (АБИС)
Тип экземпляра АБИС Книга
980 ## - КОЛЛЕКЦИЯ
Название коллекции Национальная библиография
Экземпляры
Тип экземпляра Дата поступления Источник поступления Библиотека постоянного хранения Библиотека текущего хранения Место хранения Шифр хранения Штрих-код Статус экземпляра
Книга 03.02.2022 Обязательный экземпляр РНБ (Московский) РНБ (Московский) Русский книжный фонд: издания с 1957 года 2022-7/903 1-3646892  
Книга 03.02.2022 Обязательный экземпляр РНБ (Московский) РНБ (Московский) Русский книжный фонд: издания с 1957 года 2022-7/903 1-3646888